000 00366nam a2200145Ia 4500
003 OSt
005 20240319102853.0
008 170523s9999 xx 000 0 und d
020 _a ‎ 978-9350144770
040 _cIIMT UNIVERSITY MEERUT
100 _aTEMBULKAR ANAND
245 0 _aNON CONVENTIONAL ENERGY SOURCES
260 _aKatson New Delhi.
942 _2ddc
_c02
999 _c11949
_d11949